Liderazgo sin límites : mantente vivo ante los peligros del cambio /

Bibliographic Details
Main Authors: Heifetz, Ronald A. (Ronald Abadian), 1951- (Author), Linsky, Martin (Author)
Format: Electronic eBook
Language:Spanish
English
Published: Barcelona : Reverté Management, [2021]
Subjects:
Online Access:Digitalia Hispánica

MARC

LEADER 00000nam a2200000Ii 4500
001 DIGREVMGM0051
003 NyNyDIG
006 m o d
007 cr |||||||||||
008 230113s2021 sp ob 001 0 spa d
035 |a (OCoLC)1252781380 
040 |a DGITA  |b eng  |e rda  |e pn  |c DGITA 
020 |a 9788429196313  |q pdf 
020 |a 9788429196306  |q ePub 
020 |z 9788417963293  |q papel 
041 1 |a spa  |h eng 
050 1 4 |a HM1261 ebook 
082 0 4 |a 303.34 
100 1 |a Heifetz, Ronald A.  |q (Ronald Abadian),  |d 1951-  |e author. 
240 1 0 |a Leadership on the line.  |l Spanish 
245 1 0 |a Liderazgo sin límites :  |b mantente vivo ante los peligros del cambio /  |c Ronald Heifetz, Marty Linsky. 
264 1 |a Barcelona :  |b Reverté Management,  |c [2021] 
300 |a 1 online resource. 
336 |a text  |b txt  |2 rdacontent 
337 |a computer  |b c  |2 rdamedia 
338 |a online resource  |b cr  |2 rdacarrier 
347 |a text file  |2 rdaft 
347 |b PDF 
347 |b EPUB 
504 |a Includes bibliographical references and index. 
588 0 |a Online resource; title from PDF title page (Digitalia, viewed January 13, 2023) 
650 0 |a Leadership. 
650 0 |a Risk management. 
650 0 |a Life skills. 
700 1 |a Linsky, Martin,  |e author. 
700 1 |i Translation of:  |a Heifetz, Ronald A.  |q (Ronald Abadian),  |d 1951-  |t Leadership on the line. 
791 2 |a Digitalia (Firm),  |e distributor. 
793 0 |g Digitalia eBook Collection:  |a Reverté Management 
776 0 8 |i Print version:  |a Heifetz, Ronald A. (Ronald Abadian), 1951-  |s Leadership on the line. Spanish.  |t Liderazgo sin límites.  |d Barcelona : Reverté Management, [2021]  |z 9788417963293 
856 4 0 |3 Digitalia Hispánica  |u https://www.digitaliapublishing.com/a/110601/ 
910 |a Premium collection: 2023